Phân tích các yếu tố ảnh hưởng đến quyết định tham gia bảo hiểm xã hội tự nguyện của người lao động trong khu vực phi chính thức trên địa bàn Thành phố Cần Thơ : Luận văn Thạc sĩ Kinh tế. Chuyên ngành Tài chính Ngân hàng

Đánh giá thực trạng tham gia bảo hiểm xã hội tự nguyện của người lao động, đo lường các yếu tố ảnh hưởng đến quyết định tham gia bảo hiểm và đề xuất một số khuyến nghị nhằm làm tăng số lượng lao động tham gia bảo hiểm xã hội tự...

Fuld beskrivelse

Đã lưu trong:
Bibliografiske detaljer
Hovedforfatter: Đường, Chiêu Chân
Format: Bog
Sprog:Undetermined
Udgivet: Cần Thơ Trường Đại học Cần Thơ 2017
Fag:
Tags: Tilføj Tag
Ingen Tags, Vær først til at tagge denne postø!
Thư viện lưu trữ: Trung tâm Học liệu Trường Đại học Cần Thơ
LEADER 01406nam a2200205Ia 4500
001 CTU_224086
008 210402s9999 xx 000 0 und d
082 |a 368.4 
082 |b Ch121 
088 |a 60340201 
100 |a Đường, Chiêu Chân 
245 0 |a Phân tích các yếu tố ảnh hưởng đến quyết định tham gia bảo hiểm xã hội tự nguyện của người lao động trong khu vực phi chính thức trên địa bàn Thành phố Cần Thơ : 
245 0 |b Luận văn Thạc sĩ Kinh tế. Chuyên ngành Tài chính Ngân hàng 
245 0 |c Đường Chiêu Chân ; Trương Đông Lộc (Cán bộ hướng dẫn) 
260 |a Cần Thơ 
260 |b Trường Đại học Cần Thơ 
260 |c 2017 
520 |a Đánh giá thực trạng tham gia bảo hiểm xã hội tự nguyện của người lao động, đo lường các yếu tố ảnh hưởng đến quyết định tham gia bảo hiểm và đề xuất một số khuyến nghị nhằm làm tăng số lượng lao động tham gia bảo hiểm xã hội tự nguyện trên địa bàn thành phố Cần Thơ. 
650 |a Bảo hiểm xã hội,Social security 
980 |a Trung tâm Học liệu Trường Đại học Cần Thơ